Análisis de la estructura empresarial del sector agropecuario de Costa Rica

Kaydedildi:
Detaylı Bibliyografya
Yazar: Pacheco Camacho, José Joaquín
Materyal Türü: Metin
Baskı/Yayın Bilgisi: San José: Oficina de Planificación Sectorial Agropecuaria
Etiketler: Etiketle
Etiket eklenmemiş, İlk siz ekleyin!

MARC

LEADER 00000 a a2200000 04500
001 15714
003
040
090 |a 013800  
100 |a Pacheco Camacho, José Joaquín  
245 |a Análisis de la estructura empresarial del sector agropecuario de Costa Rica  
260 |a San José:   |b Oficina de Planificación Sectorial Agropecuaria  
300 |a 6; 97 p.  
999 |c 14230  |d 14230